000 00591nam a22002057a 4500
001 BS2023000543
003 BR-BrBNA
005 20231206123128.0
008 231206b bl.||||| |||| 00| 0 por d
040 _aBR-BrBNA
_bpor
041 _apor
072 _aB52
245 _aPrograma Nacional de Direitos Humanos (PNHD-3) /
_cSecretaria Especial dos Direitos Humanos da Presidência da República
260 _aBrasília, DF :
_c2010.
300 _a308 p. ;
_bil.
650 _aDIREITOS HUMANOS - BRASIL
909 _a202312
_bAna Lívia
942 _cBK
999 _c259855
_d259855